000 01485nam a22002057a 4500
003 IT-MiCISF
005 20250204095908.0
008 200302b ||||| |||| 00| 0 eng d
040 _cIT-MiCISF
041 _ait
100 _aRollo Dolores, Fogassi Leonardo
_958149
245 _aL'altro sono io.
_bI neuroni specchio nello sviluppo dell'uomo. Cosa sono e a cosa servono
260 _aCinisello B. (MI),
_bSan Paolo,
_c2018
300 _app. 171
500 _apersona, rapporti-interpersonali, educazione, rapporti-madre-figli
520 _aCon i neuroni specchio è cambiata la prospettiva di studio dell'uomo e delle sue facoltà, del suo processo evolutivo e dei fattori che possono influenzarlo. La relazione primaria con l'adulto di riferimento, l'imitazione e la condivisione emotivo-affettiva acquistano un significato nuovo, fondamentale in una prospettiva evolutivo-educativa. Fin dalla nascita la nostra mente è organizzata in forma dialogica. Grazie alla scoperta dei neuroni specchio, il sistema nervoso può essere visto attraverso la lente socio-relazionale. Anche se alcuni aspetti devono ancora essere chiariti, i dati già a nostra disposizione ci parlano di un'integrazione tra mente, cervello e relazioni interpersonali. Riusciamo a capire chi siamo grazie alle interazioni che abbiamo avuto con gli altri. Un libro che spiega e approfondisce scientificamente una prodigiosa scoperta.
650 _apersona
_956046
654 _asaggio
942 _2ddc
_cBK
999 _c358620
_d358620